Effective child abuse investigation for the multi-disciplinary team

Na minha lista:
Detalhes bibliográficos
Autor principal: GRAHAM, Bradley Richard
Formato: Livro
Idioma:inglês
Publicado em: CRC Press 2015
Tags: Adicionar Tag
Sem tags, seja o primeiro a adicionar uma tag!

MARC

LEADER 00000nam a22000007a 4500
008 211026b ||||| |||| 00| 0 eng d
020 |a 978-1-4822-4312-3  
100 |a GRAHAM, Bradley Richard 
245 |a Effective child abuse investigation for the multi-disciplinary team  |c Bradley Richard Graham  |g xiii, 115p 
260 |b  CRC Press  |c  2015  |h Boca Raton, FL  |i 689983  |l HV8079 .C46G75  |m Child abuse - Investigation - United States 
500 |a “It includes index”. 
942 |a lcc  |c BK  |e j. o. ifatola  |f 26/ 10/ 2021 
952 |0 0  |1 0  |2 lcc  |4 0  |6 HV8079 C46 G75  |7 0  |9 3682  |a HOL  |b HOL  |c GJ  |d 2021-10-26  |l 0  |o HV8079 .C46G75  |p 2021-67418  |r 2021-10-26 00:00:00  |w 2021-10-26  |y BK 
999 |c 1831  |d 1831